|
|
|
|
| LEADER |
00000nab a2200000 a 4500 |
| 001 |
vtls000911654 |
| 003 |
SK-MaSNL |
| 005 |
20260302174244.0 |
| 008 |
040720e20000703xo 0 slo |
| 035 |
|
|
|a KE20569
|
| 040 |
|
|
|a KEVKJB
|b slo
|c KEVKJB
|e AACR2
|
| 041 |
0 |
|
|a slo
|
| 044 |
|
|
|a xo
|c SK
|
| 080 |
|
|
|a 718
|2 1981
|
| 100 |
0 |
|
|a sam
|4 aut
|9 872790
|
| 245 |
1 |
0 |
|a Bez honosných hrobiek
|b v Sokoli budú pochovávať podľa starej tradície - priamo do zeme
|
| 650 |
0 |
7 |
|a cintoríny
|2 KEVKJB
|9 2946
|
| 650 |
0 |
7 |
|a vysvätenie
|2 KEVKJB
|9 873843
|
| 650 |
0 |
7 |
|a spôsob pochovávania netradičný
|2 KEVKJB
|9 883676
|
| 650 |
0 |
7 |
|a informácie
|2 KEVKJB
|9 1285
|
| 651 |
|
7 |
|a Sokoľ (Slovensko)
|2 KEVKJB
|9 30359
|
| 655 |
|
7 |
|a periodikum
|2 snkbucl
|9 29553
|
| 773 |
0 |
8 |
|t Košický večer
|g Roč. 11
|g Roč. 32, č.126, 3.7.2000, s. 3
|
| 852 |
|
|
|a ZVYKNI
|b KIS3GCP
|
| 999 |
|
|
|c 1403493
|d 1405423
|